000 00828nac a22002777a 4500
001 BR4700004
003 BR-BrBNA
005 20240105112843.0
008 230509b bl.|||m| |||| 00| 0 por d
040 _aBR-BrBNA
_bpor
_cBiblioteca Nacional de Agricultura
072 _aL00; C00
090 _a6100 BR4700004
100 1 _aDomingues, O.
110 1 _aServico de Informacao Agricola, Rio de Janeiro, GB (Brasil)
245 1 _aCrie galinhas comecando certo [Producao animal; Extensao rural; Brasil]
260 3 _aRio de Janeiro, GB (Brasil):
_c1947.
300 _a23 p.
490 _aSIA (Brazil)
_vno. 708
_x
650 _aProducao animal
650 _aExtensao rural
650 _aGalinha
650 _aCriacao
650 _aPostura
909 _a202312
_bLúcia Elande
_c55
_dLúcia Elande
942 _2AGRIS
_n0
_cMS
999 _c260616
_d260616